000 00541nam a22001697a 4500
005 20251108173224.0
008 250721s2000 xx 000 0 ara d
082 1 4 _a632.952/عبد
100 1 _aعبد الحميد، زيدان هندي
245 1 0 _aالمبيدات الفطرية و مكافحة الأمراض النباتية /
264 1 _aالقاهره :
_bكانزا جروب للنشر،
_c2000.
300 _a513ص
650 1 7 _aأمراض النبات
650 1 7 _aالمبيدات
942 _2ddc
_cBK
999 _c98909
_d98909